Estrategias de enseñanza y aprendizaje: formación del profesorado y aplicación en la escuela
Guardat en:
| Autors principals: | , , , , |
|---|---|
| Format: | Llibre |
| Idioma: | espanyol |
| Publicat: |
Barcelona
Graó
1998
|
| Edició: | 5a. ed |
| Col·lecció: | Pedagogía, 112
|
| Matèries: | |
| Etiquetes: |
Afegir etiqueta
Sense etiquetes, Sigues el primer a etiquetar aquest registre!
|
MARC
| LEADER | 00000nam a2200000 a 4500 | ||
|---|---|---|---|
| 001 | UCO9438 | ||
| 003 | CL-VaPUC | ||
| 008 | 010302e19980000SP |||||||||||||||||spa|d | ||
| 020 | |a 8478271589 | ||
| 082 | 0 | 4 | |a 371.27 |b MON |2 21 |
| 100 | |a Monereo Font, Carles |e autor |9 553934 | ||
| 700 | 0 | |a Castelló Badia, Montserrat |e author |9 454575 | |
| 700 | 0 | |a Muntada, Mercè Clariana |e author |9 454576 | |
| 700 | 0 | |a Palma Muñoz, Montserrat |e author |9 454577 | |
| 700 | 0 | |a Pérez Cabaní, María Lluïsa |e author |9 454578 | |
| 245 | 1 | 0 | |a Estrategias de enseñanza y aprendizaje: formación del profesorado y aplicación en la escuela |
| 250 | |a 5a. ed | ||
| 300 | |a 191 p | ||
| 942 | |c BK | ||
| 945 | |d 20010302 00:00:00 |a vberengu | ||
| 260 | |a Barcelona |b Graó |c 1998 | ||
| 650 | 0 | |a Currículo |9 307290 | |
| 650 | 0 | |a Docentes |9 311365 | |
| 650 | 0 | |a Métodos de enseñanza |9 270413 | |
| 583 | |a last modification |c 20170927 10:39:34 |k Rodrigo Vera | ||
| 490 | 0 | |a Pedagogía, 112 | |
| 999 | |c 293646 |d 293644 | ||
| 952 | |0 0 |1 0 |4 0 |6 371_270000000000000_MON_1998 |7 0 |8 A |9 345328 |a FDOPOS |b FDOPOS |d 2019-11-20 |i 3695476 |o 371.27 MON 1998 |p 3695476 |r 2025-01-22 |w 2019-11-20 |y BK |k MLA | ||
| 952 | |0 0 |1 0 |4 0 |6 371_270000000000000_MON_1998 |7 0 |8 A |9 345329 |a BIBHIS |b BIBHIS |d 2019-11-20 |i 4702964 |o 371.27 MON 1998 |p 4702964 |r 2025-01-20 |w 2019-11-20 |y BK |k HIS | ||